Library Banner

The dilbert principle (Record no. 7721)

MARC details
000 -LEADER
fixed length control field 00407nam a2200169Ia 4500
001 - CONTROL NUMBER
control field 6104
008 - FIXED-LENGTH DATA ELEMENTS--GENERAL INFORMATION
fixed length control field 140320s9999 xx 000 0 und d
020 ## - INTERNATIONAL STANDARD BOOK NUMBER
International Standard Book Number 0-7522-2470-0
040 ## - CATALOGING SOURCE
Transcribing agency PK-LaUMT
082 ## - DEWEY DECIMAL CLASSIFICATION NUMBER
Classification number 658.409
Item number ADA-D
100 ## - MAIN ENTRY--PERSONAL NAME
Personal name Adams, Scott
245 #4 - TITLE STATEMENT
Title The dilbert principle
Statement of responsibility, etc Adams, Scott
260 ## - PUBLICATION, DISTRIBUTION, ETC. (IMPRINT)
Place of publication, distribution, etc New York,USA:
Name of publisher, distributor, etc Harper Business,
Date of publication, distribution, etc 1997.
300 ## - PHYSICAL DESCRIPTION
Extent 336 p.
546 ## - LANGUAGE NOTE
Language note EN
942 ## - ADDED ENTRY ELEMENTS (KOHA)
Koha item type Books
Holdings
Withdrawn status Lost status Damaged status Not for loan Home library Current library Date acquired Total Checkouts Full call number Barcode Date last seen Price effective from Koha item type
        UMT Main Campus UMT Main Campus 2014-03-20   658.409 ADA-D 6419 2014-03-20 2014-03-20 Books